000 00678nam a22002297a 4500
003 UA-OsUOA
001 86945
007 ta
008 20120912b un ||||| |||| 00| 0 ukr d
100 _aКлочек Г.
090 _a82.09(477)
_bК50
942 _cBK
040 _aUA-OsUOA
_bukr
_cUA-OsUOA
_dUA-OsUOA
245 _aПоетика Бориса Олійника
_bЛітературно-критичний нарис
300 _a332 с.
955 _a1
041 _aukr
080 _a82.09(477)
260 _aК.
_bРадянський письменник
_c1989
650 7 _a82 Література. Літературознавство
_2UDC
999 _c373139
_d373139